Govt. of
Madhya Pradesh

The Principles of Muhammadan Jurisprudence (Record no. 38119)

MARC details
000 -LEADER
fixed length control field 004950000a22001690004500
003 - CONTROL NUMBER IDENTIFIER
control field MACL
005 - DATE AND TIME OF LATEST TRANSACTION
control field 20160101171502.0
008 - FIXED-LENGTH DATA ELEMENTS--GENERAL INFORMATION
fixed length control field 160101b xxu||||| |||| 00| 0 eng d
040 ## - CATALOGING SOURCE
Original cataloging agency MACL
Transcribing agency MACL
041 ## - LANGUAGE CODE
Language code of text/sound track or separate title English
082 ## - DEWEY DECIMAL CLASSIFICATION NUMBER
Classification number 349/RAN
100 ## - MAIN ENTRY--PERSONAL NAME
Personal name Rahim, Abdur
9 (RLIN) 26766
245 ## - TITLE STATEMENT
Title The Principles of Muhammadan Jurisprudence
Remainder of title According to the Hanafi Maliki Shafi'i and hanbali schools
260 ## - PUBLICATION, DISTRIBUTION, ETC. (IMPRINT)
Name of publisher, distributor, etc. Luzac & Company Ltd
Date of publication, distribution, etc. 1911
Place of publication, distribution, etc. London
650 ## - SUBJECT ADDED ENTRY--TOPICAL TERM
Topical term or geographic name as entry element Laws
9 (RLIN) 26767
942 ## - ADDED ENTRY ELEMENTS (KOHA)
Koha item type Books
Call number prefix 349/RAH
Source of classification or shelving scheme
Holdings
Withdrawn status Lost status Source of classification or shelving scheme Damaged status Not for loan Home library Current library Date acquired Total Checkouts Full call number Barcode Date last seen Uniform Resource Identifier Price effective from Koha item type
          MACL MACL 15/04/2015   349/RAH CLE003491 29/04/2015 38336 15/04/2015 Books